000 00598nam a22001817a 4500
999 _c190817
_d190817
005 20220805123151.0
010 _aENG-134311
020 _a9788131607688
_c750.00
035 _aEN-117843
037 _bDBAD/PUB
082 _a305.8009545
100 _aShyam Lal
245 _aPolitics of the untouchables congress and the bhangis:
_cby Shyam Lal
_ba socio-political analysis /
260 _aNew Delhi
_bRawat Publications
_c2016
270 _a4858/24, Ansari Road, Daryaganj
_bNew Delhi
_e110002
300 _axv,224p. :
_c24cm(Hb)
_bill.
942 _2ddc
_cEN
_h305.8009545
_mSHY